000 00497nam a2200193Ia 4500
005 20240530004242.0
008 240331s9999 xx 000 0 und d
020 _a0706969677
082 _bWOM
_a346.0134
245 0 _aWomen and law :
_bcontemporary problems
250 _a1 st
260 _aNew Delhi
_bVikas Publishing House Pvt Ltd
_c1994
300 _aviii, 272 p .,
650 _aWoman
650 _aLaw
700 _aSarkar, Lotika
_eedt
700 _aSivaramayya. B.
_eedt
942 _cL
999 _c2810
_d2810